Využitie metód rozhodovania v procese dizajnu distribučného kanála s nábytkom

Cieľový trh podniku a hľadanie alternatívy distribučných kanálov. Služby spojené s nákupom nábytku a ich rozlišovacia úloha medzi konkurenčnými formátmi predajní. Metódy identifikácie rozsahu požadovaných služieb: rozdielová a faktorová analýza. Výsledky prieskumu zameraného na očakávania spotrebite...

Ausführliche Beschreibung

Gespeichert in:
Bibliographische Detailangaben
1. Verfasser: Kita, Pavol
Weitere Verfasser: Vojtková, Mária, 1966-
Format: Buchkapitel
Sprache:Slowakisch
Schlagworte:
Tags: Tag hinzufügen
Keine Tags, Fügen Sie das erste Tag hinzu!

MARC

LEADER 00000naa$a2200000$$$4500
001 0027160
005 20230907084203.6
041 0 |a slo 
044 |a SK 
245 1 0 |a Využitie metód rozhodovania v procese dizajnu distribučného kanála s nábytkom  |c Pavol Kita, Mária Vojtková 
520 |a Cieľový trh podniku a hľadanie alternatívy distribučných kanálov. Služby spojené s nákupom nábytku a ich rozlišovacia úloha medzi konkurenčnými formátmi predajní. Metódy identifikácie rozsahu požadovaných služieb: rozdielová a faktorová analýza. Výsledky prieskumu zameraného na očakávania spotrebiteľov vo vzťahu k službám distribučného kanála. Postoje spotrebiteľov k nábytku v jednotlivých formátoch predajní. 
610 2 0 |a obchod 
610 2 0 |a distribúcia 
610 2 0 |a kanály distribučné 
610 2 0 |a služby 
610 2 0 |a spotrebitelia 
610 2 0 |a predajne 
610 2 0 |a metódy rozhodovania 
610 2 0 |a prieskum spotrebiteľský 
610 2 0 |a štatistika 
610 2 0 |a nábytok 
610 2 0 |a Slovensko 
100 1 |a Kita, Pavol 
700 1 |a Vojtková, Mária, 1966-